| 000 | 00638nam a2200217Ia 4500 | ||
|---|---|---|---|
| 003 | OSt | ||
| 005 | 20251010120145.0 | ||
| 008 | 220923b |||||||| |||| 00| 0 eng d | ||
| 037 | _cReference | ||
| 040 |
_aRTL _cRTL _beng |
||
| 041 |
_2eng _aeng |
||
| 084 |
_aX:3M24xM18 L7/SC _qRTL |
||
| 100 |
_aSteedman, Ian _9121958 |
||
| 245 | 0 | _aMarx after sraffa | |
| 260 |
_aLondon _bNLB _c1977 |
||
| 300 |
_a218 p. _bIncludes bibliographical reference and index |
||
| 650 |
_aMarxian economics _9847975 |
||
| 650 |
_aEconomics _9847976 |
||
| 942 |
_hX:3M24xM18 L7/SC _cREF _2CC _n0 |
||
| 999 |
_c575325 _d575325 |
||